000 00295 a2200121 4500
001 147758
040 _cEscola São Tomás de Aquino
100 _aBUENO, Maria Célia
240 1 0 _aBia faz uma descoberta
_lpor
245 1 0 _aBia faz uma descoberta
697 _a*LITERATURA INFANTO
942 _cBK
999 _c147758
_d147758